000 01006nmm a2200349 a 4500
003 AR-BaBNM
005 20251128210610.0
008 190020s1999 ||||||||||||||000 | spa||
020 _a82-7283-096-5
040 _cAR-BaBNM
245 1 0 _aComputing in humanities education
_ba european perspective
260 _aBergen
_bUniversity of Bergen
_c1999
300 0 _a242 p.
_btablas
500 0 _aContiene referencias bibliográficas
650 4 _aHUMANISMO
650 4 _aEDUCACION COMPARADA
650 4 _aENSENANZA POR COMPUTADORA
650 4 _aROL DEL DOCENTE
650 4 _aCURRICULO
650 4 _aTECNOLOGIA EDUCATIVA
650 4 _aTECNOLOGIA DE LA INFORMACION
651 4 _aEuropa
653 _aESTRATEGIAS EDUCATIVAS
700 1 _aSmedt, Koenraad de
_eeditor
700 1 _aGardiner, Hazel
_eeditor
700 1 _aOre, Espen
_eeditor
700 1 _aOrlandi, Tito
_eeditor
700 1 _aShort, Harold
_eeditor
700 1 _aSouillot, Jacques
_eeditor
942 _cBK
998 _cRaquel
999 _c16114
_d16114